Gears of war Knowledge - Statistics

General Stats
  • This quiz has been taken 221 times
    219 since last reset
  • The average score is 13 of 21
Answer Stats
Question Answer % Correct
Who is the main protagonist? Marcus Fenix
99%
Who helps the protagonist escape? Dominic Santiago
97%
Who gets sniped? Anthony Carmine
94%
Where does the protagontist start at? Prison
85%
What is the only weapon that is said to kill this beast? Hammer of Dawn
83%
Which Locust kills the original leader of Delta? General RAAM
82%
Who is the blonde engineer that was part of Alpha? Damon Baird
80%
Who is the original leader of Delta squad? Minh-Young Kim
78%
Which member of Alpha do the group assist? Augustus Cole
77%
What do the squad need to lure out of a building to kill? Berserker
68%
What is the main danger of the dark? Kryll
60%
What do you escape on? Raven
60%
What creature attacks you while escaping from the prologue? Corpser
58%
What do half of the squad jump on as its moving? Train
58%
What do the squad need to kill to get back in contact with Control? Seeders
42%
What do the squad need to recover from Alpha squad? Resonator
41%
What do you detonate through the vehicle? Lightmass Bomb
37%
Who owns the gas station? Chaps
16%
Where does the soldier get sniped? (Location) House of Sovereigns
16%
What is the name of the Stranded member that helps the squad? Franklin Tsoko
15%
What vehicle do you use to traverse the night? Centaur
10%
No matching quizzes found
Score Distribution
Percent of People with Each Score
Percentile by Number Answered
Your Score History
You have not taken this quiz since the last reset